Southville International School and Colleges
Your cart is empty.
  • Cart
  • Lists
    Public lists Eva Luna New books Lux_list list_1
    Your lists Log in to create your own lists
  • Log in to your account
  • Your cookies
  • Search history
Southville International School and Colleges
  • Advanced search
  • Recent comments
  • Most popular
  • Libraries

Log in to your account

Log in with GOOGLE


If you do not have an external account, but do have a local account, you can still log in:

  1. Home
  2. MARC view: Sound & Letters.
Normal view MARC view ISBD view

Sound & Letters. (Record no. 115067)

[ view plain ]
MARC details
000 -LEADER
fixed length control field 00367nam a2200133 a 4500
005 - DATE AND TIME OF LATEST TRANSACTION
control field 20140414132121.0
008 - FIXED-LENGTH DATA ELEMENTS--GENERAL INFORMATION
fixed length control field 120822s19uu xx 00 eng d
050 ## - LIBRARY OF CONGRESS CALL NUMBER
Classification number TR 372.622
Item number S719 200_
245 ## - TITLE STATEMENT
Title Sound & Letters.
260 ## - PUBLICATION, DISTRIBUTION, ETC. (IMPRINT)
Place of publication, distribution, etc Hunter Valley, Maryland :
Name of publisher, distributor, etc Clavert School,
Date of publication, distribution, etc 200_.
300 ## - PHYSICAL DESCRIPTION
Extent 25
650 ## - SUBJECT ADDED ENTRY--TOPICAL TERM
Topical term or geographic name as entry element Phonics-sounds.
General subdivision Phonics-letters.
Holdings
Withdrawn status Lost status Damaged status Home library Current library Shelving location Date acquired Source of acquisition Total Checkouts Full call number Barcode Date last seen Price effective from Koha item type
      Munich Library Munich Library Teachers Reference Section 08/22/2012     TR 372.622 S719 200_ M7050 04/14/2014 04/14/2014 Books

Sound & Letters.

APA

(200). Sound & Letters. Hunter Valley, Maryland: Clavert School.

Chicago

200. Sound & Letters. Hunter Valley, Maryland: Clavert School.

Harvard

(200). Sound & Letters. Hunter Valley, Maryland: Clavert School.

MLA

Sound & Letters. Hunter Valley, Maryland: Clavert School. 200.

  • Place hold
  • Print
  • Cite
  • Add to your cart (remove)
  • Save record
    BIBTEX Dublin Core MARCXML MARC (non-Unicode/MARC-8) MARC (Unicode/UTF-8) MARC (Unicode/UTF-8, Standard) MODS (XML) RIS
  • More searches
    Search for this title in:
    Other Libraries (WorldCat) Other Databases (Google Scholar) Online Stores (Bookfinder.com) Open Library (openlibrary.org)

Exporting to Dublin Core...

SOUTHVILLE LIBRARY

Southville International School and Colleges Library

1281 Tropical Ave. Cor. Luxembourg St., BF Homes International, Las Pinas City

Tel. No. 8256374 / 252358 Loc. 117/146

Powered by Koha